Clic Les tripoints entre départements en France (1) - Statistiques

Statistiques générales
  • Ce quiz a été pris 34 fois
  • Le résultat moyen est 11 sur 48
Statistiques - réponses
Hint Réponse % Correct
Loire / Puy-de-Dôme Allier
56%
Aisne / Somme Nord
50%
Essonne / Hauts-de-Seine Val-de-Marne
44%
Alpes-de-Haute-Provence / Vaucluse Drôme
38%
Corrèze / Puy-de-Dôme Cantal
31%
Côte-d'Or / Haute-Marne Haute-Saône
31%
Cher / Loiret Loir-et-Cher
31%
Dordogne / Lot Lot-et-Garonne
31%
Haute-Marne / Marne Meuse
31%
Côtes-d'Armor / Finistère Morbihan
31%
Ain / Isère Rhône
31%
Aisne / Oise Somme
31%
Aube / Haute-Garonne Tarn
31%
Aube / Seine-et-Marne Yonne
31%
Haute-Savoie / Savoie Ain
25%
Charente / Charente-Maritime Deux-Sèvres
25%
Charente-Maritime / Dordogne Gironde
25%
Ardèche / Haute-Loire Lozère
25%
Ille-et-Vilaine / Maine-et-Loire Mayenne
25%
Gers / Landes Pyrénées-Atlantiques
25%
Aisne / Marne Seine-et-Marne
25%
Gers / Lot-et-Garonne Tarn-et-Garonne
25%
Charente / Deux-Sèvres Vienne
25%
Haute-Marne / Haute-Saône Vosges
25%
Charente / Dordogne Haute-Vienne
19%
Côte-d'Or / Haute-Saône Jura
19%
Aisne / Ardennes Marne
19%
Allier / Saône-et-Loire Nièvre
19%
Cantal / Haute-Loire Puy-de-Dôme
19%
Ain / Jura Saône-et-Loire
19%
Indre-et-Loire / Loir-et-Cher Sarthe
19%
Doubs / Haute-Saône Territoire de Belfort
19%
Eure / Eure-et-Loir Yvelines
19%
Cantal / Lozère Aveyron
13%
Allier / Nièvre Cher
13%
Oise / Val-d'Oise Eure
13%
Loir-et-Cher / Sarthe Eure-et-Loir
13%
Cher / Creuse Indre
13%
Calvados / Eure Orne
13%
Seine-Saint-Denis / Val-de-Marne Paris
13%
Hautes-Alpes / Isère Savoie
13%
Hauts-de-Seine / Paris Seine-Saint-Denis
13%
Alpes-de-Haute-Provence / Var Vaucluse
13%
Deux-Sèvres / Maine-et-Loire Vendée
13%
Oise / Seine-et-Marne Aisne
6%
Aveyron / Cantal Lot
6%
Hauts-de-Seine / Seine-Saint-Denis Val-d'Oise
6%
Ardèche / Drôme Isère
0%
Aucun quiz correspondant
Distribution des résultats
% des personnes avec chaque résultat
Percentile par nombre de réponses
Votre historique - résultats
Vous n’avez pas pris ce quiz